Ekonomický význam združovania obcí
V súčasnom období, keď väčšina samospráv v dôsledku nedostatku finančných prostriedkov zvyšuje dane a poplatky, resp. obmedzuje služby pre obyvateľov, sa do popredia dostáva aj otázka združovania obcí. Ide najmä o menšie obce, kde rozpočty z hľadiska príjmov nepokrývajú ani polovicu výdavkov potrebn...
Saved in:
| Main Author: | |
|---|---|
| Format: | Book Chapter |
| Language: | Slovak |
| Subjects: | |
| Tags: |
No Tags, Be the first to tag this record!
|
MARC
| LEADER | 00000naa a2200000 4500 | ||
|---|---|---|---|
| 001 | 0302828 | ||
| 005 | 20240626082702.2 | ||
| 041 | 0 | |a slo | |
| 044 | |a SK | ||
| 245 | 1 | 0 | |a Ekonomický význam združovania obcí |c Ján Kašiar |
| 520 | |a V súčasnom období, keď väčšina samospráv v dôsledku nedostatku finančných prostriedkov zvyšuje dane a poplatky, resp. obmedzuje služby pre obyvateľov, sa do popredia dostáva aj otázka združovania obcí. Ide najmä o menšie obce, kde rozpočty z hľadiska príjmov nepokrývajú ani polovicu výdavkov potrebných na zabezpečovanie služieb pre obyvateľov. Združenie obcí - vznik, predmet činnosti a ekonomický význam. | ||
| 610 | 2 | 0 | |a obce |
| 610 | 2 | 0 | |a združenia |
| 610 | 2 | 0 | |a zmluvy |
| 610 | 2 | 0 | |a správa verejná |
| 610 | 2 | 0 | |a služby verejné |
| 610 | 2 | 0 | |a samospráva |
| 610 | 2 | 0 | |a efektívnosť |
| 610 | 2 | 0 | |a prostriedky peňažné |
| 610 | 2 | 0 | |a financovanie |
| 610 | 2 | 0 | |a hospodárnosť |
| 100 | 1 | |a Kašiar, Ján | |